Billboard Hot 100 #1 Hits of 1993 - Statistics

General Stats
  • This quiz has been taken 19 times
  • The average score is 21 of 52
Answer Stats
Issue Date #1 Hit Artist % Correct
January 2 I Will Always Love You Whitney Houston
74%
January 9 I Will Always Love You Whitney Houston
74%
January 16 I Will Always Love You Whitney Houston
74%
January 23 I Will Always Love You Whitney Houston
74%
January 30 I Will Always Love You Whitney Houston
74%
February 6 I Will Always Love You Whitney Houston
74%
February 13 I Will Always Love You Whitney Houston
74%
February 20 I Will Always Love You Whitney Houston
74%
February 27 I Will Always Love You Whitney Houston
74%
March 13 Informer Snow
42%
March 20 Informer Snow
42%
March 27 Informer Snow
42%
April 3 Informer Snow
42%
April 10 Informer Snow
42%
April 17 Informer Snow
42%
April 24 Informer Snow
42%
July 24 Can't Help Falling in Love UB40
37%
July 31 Can't Help Falling in Love UB40
37%
August 7 Can't Help Falling in Love UB40
37%
August 14 Can't Help Falling in Love UB40
37%
August 21 Can't Help Falling in Love UB40
37%
August 28 Can't Help Falling in Love UB40
37%
September 4 Can't Help Falling in Love UB40
37%
September 11 Dreamlover Mariah Carey
37%
September 18 Dreamlover Mariah Carey
37%
September 25 Dreamlover Mariah Carey
37%
October 2 Dreamlover Mariah Carey
37%
October 9 Dreamlover Mariah Carey
37%
October 16 Dreamlover Mariah Carey
37%
October 23 Dreamlover Mariah Carey
37%
October 30 Dreamlover Mariah Carey
37%
November 6 I'd Do Anything for Love (But I Won't Do That) Meat Loaf
37%
November 13 I'd Do Anything for Love (But I Won't Do That) Meat Loaf
37%
November 20 I'd Do Anything for Love (But I Won't Do That) Meat Loaf
37%
November 27 I'd Do Anything for Love (But I Won't Do That) Meat Loaf
37%
December 4 I'd Do Anything for Love (But I Won't Do That) Meat Loaf
37%
March 6 A Whole New World Peabo Bryson & Regina Belle
32%
May 15 That's the Way Love Goes Janet Jackson
32%
May 22 That's the Way Love Goes Janet Jackson
32%
May 29 That's the Way Love Goes Janet Jackson
32%
June 5 That's the Way Love Goes Janet Jackson
32%
June 12 That's the Way Love Goes Janet Jackson
32%
June 19 That's the Way Love Goes Janet Jackson
32%
June 26 That's the Way Love Goes Janet Jackson
32%
July 3 That's the Way Love Goes Janet Jackson
32%
December 25 Hero Mariah Carey
26%
May 1 Freak Me Silk
16%
May 8 Freak Me Silk
16%
December 11 Again Janet Jackson
11%
December 18 Again Janet Jackson
11%
July 10 Weak SWV
11%
July 17 Weak SWV
11%
No matching quizzes found
Score Distribution
Percent of People with Each Score
Percentile by Number Answered
Your Score History
You have not taken this quiz